|
|
|
|
| LEADER |
01098nam a2200253 u 4500 |
| 001 |
10119083 |
| 003 |
GR-PaULI |
| 005 |
20240614104218.0 |
| 008 |
160211s2012 uk eng |
| 020 |
|
|
|a 9780199689811
|
| 040 |
|
|
|a GR-PaULI
|c GR-PaULI
|b gre
|e AACR2
|
| 082 |
0 |
4 |
|a 410.723
|2 23
|
| 245 |
0 |
4 |
|a The Oxford handbook of linguistic fieldwork /
|c edited by Nicholas Thieberger.
|
| 260 |
|
|
|a Oxford :
|b Oxford University Press,
|c c2012.
|
| 300 |
|
|
|a xiv, 545 σ. ;
|c 25 εκ.
|
| 490 |
1 |
|
|a Oxford handbooks in linguistics
|
| 504 |
|
|
|a Περιλαμβάνει βιβλιογραφικές παραπομπές και ευρετήριο.
|
| 650 |
|
4 |
|a Γλωσσολογία
|x Πεδίο εργασίας.
|9 63443
|
| 700 |
1 |
|
|a Thieberger, Nick
|4
|9 148828
|e επιμελητής.
|
| 830 |
|
0 |
|9 167560
|a Oxford handbooks in linguistics
|
| 942 |
|
|
|2 ddc
|c BK
|
| 952 |
|
|
|0 0
|1 0
|2 ddc
|4 0
|6 Π_410_723000000000000_OXF
|7 0
|9 189084
|a LISP
|b LISP
|c REF
|d 2016-04-24
|i 14555
|l 0
|o Π 410.723 OXF
|p 025000196423
|r 2016-04-24 00:00:00
|t 1
|w 2016-04-24
|y BKN
|
| 998 |
|
|
|c ΑΝΔΡΙΚΟΠΟΥΛΟΥ
|d 2016-02
|
| 999 |
|
|
|c 116479
|d 116479
|